[Event "Challenge"]
[Site "http://www.queenalice.com/game.php?id=1263591"]
[Date "2014.3.9"]
[Round "-"]
[White "Atalxxi"]
[Black "Erithacus"]
[Result "0-1"]
[WhiteElo "1568"]
[BlackElo "1639"]

1. e4 c5 2. b3 e6 3. Nc3 Nc6 4. g3 Nf6 5. Bb2 Be7 6. Nf3 O-O 7. Bg2 a6 8. O-O b5
9. e5 Ng4 10. Bh3 Ngxe5 11. Ne4 Nxf3+ 12. Qxf3 d5 13. Nc3 Nd4 14. Qd3 Bf6 15.
Ne2 Nxe2+ 16. Qxe2 Bxb2 17. Rab1 Ba3 18. d3 Bb7 19. Qe5 Bb4 20. d4 Bc3 21. a4
Bxd4 22. Qf4 h6 23. b4 Bc3 24. bxc5 Qa5 25. Qe3 d4 26. Qd3 Qxa4 27. Bg2 Bxg2 28.
Kxg2 b4 29. Qf3 Rfc8 30. h4 Ra7 31. Rbc1 Rxc5 32. Rfd1 Qc6 33. Qxc6 Rxc6 34. Rb1
a5 35. Kf3 e5 36. Ke4 f6 37. f3 a4 38. Kd3 a3 0-1

[Event "Challenge"]
[Site "http://www.queenalice.com/game.php?id=1263593"]
[Date "2014.3.9"]
[Round "-"]
[White "Erithacus"]
[Black "Atalxxi"]
[Result "0-1"]
[WhiteElo "1782"]
[BlackElo "1590"]

1. Nf3 d6 2. e4 Nc6 3. Be2 g6 4. O-O Nf6 5. d4 Nxe4 6. c4 Bg7 7. d5 Ne5 8. Nd4
O-O 9. Na3 a6 10. f3 Nc5 11. Rb1 c6 12. dxc6 Nxc6 13. Nxc6 bxc6 14. b4 Ne6 15.
Nc2 Nf4 16. Bxf4 e5 17. Be3 Bf5 18. g4 Be6 19. a4 d5 20. cxd5 cxd5 21. Bc5 Re8
22. Na3 Bh6 23. h3 Bf4 24. a5 Qh4 25. Rf2 d4 26. Nc2 Rad8 27. Bxa6 Qg3+ 28. Kf1
Qxh3+ 29. Ke2 d3+ 30. Bxd3 Bc4 31. Ne1 e4 32. Be3 exd3+ 33. Kd2 Bxe3+ 34. Kc3 d2
35. Nc2 Bxf2 36. Kxc4 Qg3 37. Kb5 Qg1 38. Na3 Re1 39. Qxd2 Rxd2 40. Rb3 Rc1 41.
a6 Ba7 42. Ka4 Qb6 43. b5 Rd4+ 44. Rb4 Qc5 45. Rxd4 Qxd4+ 46. Kb3 Bc5 47. Nc2
Qd3+ 48. Kb2 Qxc2# 0-1

[Event "Challenge"]
[Site "http://www.queenalice.com/game.php?id=1295907"]
[Date "2014.7.19"]
[Round "-"]
[White "Atalxxi"]
[Black "uji40"]
[Result "0-1"]
[WhiteElo "1601"]
[BlackElo "1704"]

1. d4 d5 2. g3 Nf6 3. Bg2 c6 4. Nf3 g6 5. O-O Bg7 6. b3 O-O 7. h3 Re8 8. Bf4
Nbd7 9. c3 c5 10. Nbd2 a5 11. e3 b6 12. Ne5 e6 13. Nc6 Qe7 14. Nxe7+ Rxe7 15.
Bc7 Ra7 16. Bd6 Re8 17. a3 Bf8 18. dxc5 bxc5 19. Bxf8 Rxf8 20. f3 Bb7 21. e4
dxe4 22. fxe4 e5 23. b4 Ba6 24. c4 axb4 25. a4 Nh5 26. Qf3 Ng7 27. Qf2 Ne6 28.
Nb3 Nd4 29. Nxd4 exd4 30. Qc2 Ne5 31. a5 Bxc4 32. Rf2 b3 33. Qd2 Ra6 34. Qg5 Nd3
35. Rd2 f6 36. Qg4 Ne5 37. Qd1 Kg7 38. Bf1 Rb8 39. Bxc4 Nxc4 40. Rd3 b2 41. Rb1
Rxa5 42. Rb3 Rxb3 43. Qxb3 Ra1 44. Qd1 Ne3 45. Qe1 d3 46. Rxa1 bxa1=Q 47. Qxa1
d2 48. Kf2 d1=Q 49. Qa7+ Kh6 50. Kxe3 Qe1+ 51. Kd3 Qxg3+ 52. Kc4 Qxh3 53. Qxc5
Qf1+ 54. Kd5 Qd3+ 55. Qd4 Qxd4+ 56. Kxd4 Kg5 57. Ke3 Kg4 58. Kd3 h5 59. Ke2 Kg3
0-1

[Event "Challenge"]
[Site "http://www.queenalice.com/game.php?id=1295909"]
[Date "2014.7.19"]
[Round "-"]
[White "uji40"]
[Black "Atalxxi"]
[Result "1-0"]
[WhiteElo "1691"]
[BlackElo "1614"]

1. e4 e5 2. Nf3 g6 3. d4 exd4 4. Qxd4 Nf6 5. Bg5 Bg7 6. Qb4 d6 7. Nbd2 Nc6 8.
Qa4 h6 9. Bh4 O-O 10. c3 g5 11. Bg3 Bd7 12. O-O-O Ne5 13. Qb3 Nxf3 14. gxf3 Be6
15. Bc4 d5 16. exd5 Nxd5 17. Qxb7 a5 18. Ne4 Rb8 19. Qa7 c6 20. Qc5 Qd7 21. Bxb8
Rxb8 22. Qxa5 Qb7 23. Bb3 Kh7 24. Nc5 Qc8 25. Nxe6 Qxe6 26. Rhe1 Qd6 27. h3 Qd7
28. c4 Qc7 29. Rxd5 Qf4+ 30. Rd2 Qxf3 31. Bc2+ Kg8 32. Re8+ Rxe8 33. Rd8 Rf8 34.
Rxf8+ Bxf8 35. Qc3 Qxf2 36. Qd3 f5 37. Qxf5 Qa7 38. Qg6+ Bg7 39. Qe8+ Bf8 40. h4
g4 41. Qe6+ Qf7 42. Qxg4+ Bg7 43. a4 c5 44. a5 Qf6 45. Qc8+ Qf8 46. Qxf8+ Kxf8
47. a6 1-0

[Event "Challenge"]
[Site "http://www.queenalice.com/game.php?id=1297244"]
[Date "2014.7.25"]
[Round "-"]
[White "Atalxxi"]
[Black "Joaquim_Manoel"]
[Result "1-0"]
[WhiteElo "1562"]
[BlackElo "1860"]

1. e4 e5 2. Nc3 f5 3. d3 Nf6 4. Bg5 Be7 5. h4 d5 6. f3 d4 7. Nd5 Nxd5 8. exd5
Bxg5 9. hxg5 Qxg5 10. c3 Qg3+ 11. Kd2 f4 12. Nh3 Bf5 13. Qe2 Nd7 14. cxd4 O-O-O
15. dxe5 Rde8 16. e6 Kb8 17. Re1 a6 18. Qd1 Nc5 19. Kc1 Nxd3+ 20. Bxd3 Bxd3 21.
Qxd3 Qh4 22. Qd4 Qe7 23. Nxf4 Ref8 24. g3 g5 25. d6 cxd6 26. Nd5 Rc8+ 27. Nc3
Ka8 28. Kb1 Rhf8 29. Qe4 Qc7 30. Rxh7 Qb6 31. Rf7 1-0

[Event "Challenge"]
[Site "http://www.queenalice.com/game.php?id=1297245"]
[Date "2014.7.25"]
[Round "-"]
[White "Joaquim_Manoel"]
[Black "Atalxxi"]
[Result "1-0"]
[WhiteElo "1822"]
[BlackElo "1568"]

1. e4 e5 2. Bc4 Qf6 3. Nc3 Bc5 4. Nf3 d6 5. d3 Bg4 6. Nd5 Qd8 7. Ne3 Nf6 8. Nxg4
Nxg4 9. Bxf7+ Kxf7 10. Ng5+ Ke8 11. Qxg4 Qf6 12. Qc8+ Qd8 13. Qxd8+ Kxd8 14.
Nf7+ Kd7 15. Nxh8 Nc6 16. Nf7 Nd4 17. O-O Nxc2 18. Rb1 Nd4 19. a4 b6 20. Ng5 h6
21. Nh3 Rf8 22. Be3 g5 23. Kh1 g4 24. Ng1 h5 25. b4 Bxb4 26. Bxd4 a5 27. Be3 1-0

[Event "Challenge"]
[Site "http://www.queenalice.com/game.php?id=1306067"]
[Date "2014.9.4"]
[Round "-"]
[White "Atalxxi"]
[Black "Lordul"]
[Result "0-1"]
[WhiteElo "1589"]
[BlackElo "1678"]

1. e4 e5 2. g3 a5 3. Nc3 c6 4. Bg2 Bc5 5. b3 Bd4 6. Bb2 Bxc3 7. Bxc3 d6 8. Nf3
Bg4 9. h3 Bxf3 10. Qxf3 h5 11. O-O-O c5 12. g4 h4 13. d3 b5 14. a3 Nc6 15. Bb2
a4 16. b4 cxb4 17. Qe3 bxa3 18. Bxa3 b4 19. Bb2 a3 20. Ba1 f6 21. d4 Ra5 22. d5
Nd4 23. Bxd4 exd4 24. Qxd4 Qb8 25. f4 b3 26. Rd2 b2+ 27. Kd1 b1=Q+ 28. Ke2 Q1b5+
29. Rd3 a2 30. c4 Qb2+ 31. Rd2 Qxd4 32. Rxd4 Qb3 33. Rhd1 Ne7 0-1

[Event "Challenge"]
[Site "http://www.queenalice.com/game.php?id=1306068"]
[Date "2014.9.4"]
[Round "-"]
[White "Lordul"]
[Black "Atalxxi"]
[Result "1-0"]
[WhiteElo "1690"]
[BlackElo "1577"]

1. d4 d5 2. Bf4 e6 3. e3 g6 4. c3 Bg7 5. h4 Nf6 6. Bg5 h6 7. Bxf6 Qxf6 8. f4 h5
9. g3 Nc6 10. Bb5 Bd7 11. Bxc6 Bxc6 12. Nf3 O-O-O 13. a4 b6 14. Ne5 Bb7 15. Qb3
a5 16. Qb5 Qe7 17. Rh2 Bxe5 18. fxe5 g5 19. b4 c6 20. Qd3 g4 21. b5 c5 22. dxc5
Qxc5 23. Rc2 Qc4 24. Qd1 Qe4 25. Qe2 Qh1+ 26. Kd2 Qg1 27. Qe1 Qxe1+ 28. Kxe1 Kb8
29. Na3 Rc8 30. Rac1 Rhf8 31. c4 Rc5 32. Ke2 f6 33. Rf1 f5 34. Rc3 dxc4 35. Nxc4
Rd8 36. Rfc1 Bd5 37. Nxb6 Bf3+ 38. Ke1 Rxe5 39. Rc7 Rxe3+ 40. Kf1 Re4 41. Nd7+
Ka8 42. R1c6 Rd4 43. Ra6# 1-0

[Event "Challenge"]
[Site "http://www.queenalice.com/game.php?id=1307681"]
[Date "2014.9.12"]
[Round "-"]
[White "Atalxxi"]
[Black "Knighthawk"]
[Result "0-1"]
[WhiteElo "1566"]
[BlackElo "1685"]

1. e4 e5 2. Nf3 d6 3. b3 Nf6 4. g3 Nxe4 5. Qe2 Nf6 6. d3 h6 7. Bg2 Be7 8. Nc3
O-O 9. Bb2 Bg4 10. h3 Bxf3 11. Bxf3 c6 12. Ne4 Nxe4 13. Qxe4 Nd7 14. Qb4 Rb8 15.
h4 d5 16. Qd2 Qb6 17. d4 e4 18. Bg4 Nf6 19. Bh3 Bb4 20. c3 Bd6 21. Bf1 a5 22. a4
Qxb3 23. Ra3 Bxa3 24. Bxa3 Qxa3 25. Qc2 Rfe8 26. Bh3 Qa1+ 27. Qd1 Qxc3+ 28. Qd2
Qa1+ 29. Qd1 Qxd1+ 30. Kxd1 b5 31. axb5 Rxb5 32. Ke2 a4 33. Ra1 Ra8 34. Ra2 a3
35. Kd2 Rb2+ 36. Rxb2 axb2 0-1

[Event "Challenge"]
[Site "http://www.queenalice.com/game.php?id=1307682"]
[Date "2014.9.12"]
[Round "-"]
[White "Knighthawk"]
[Black "Atalxxi"]
[Result "1-0"]
[WhiteElo "1669"]
[BlackElo "1555"]

1. d4 d5 2. c4 c6 3. c5 Nf6 4. g3 g6 5. Bg2 Bg7 6. Nf3 e5 7. Nxe5 Qa5+ 8. Bd2
Qb5 9. Qc2 h5 10. h4 Bf5 11. Qc1 Nfd7 12. Nxd7 Nxd7 13. O-O Qc4 14. Bc3 Qxe2 15.
Nd2 O-O 16. Bf3 Qe6 17. Re1 Be4 18. Bxe4 dxe4 19. Rxe4 Qf6 20. d5 Qf5 21. Bxg7
Rfe8 22. Rxe8+ Rxe8 23. Bd4 cxd5 24. c6 bxc6 25. Qxc6 a5 26. a4 Re2 27. Qc8+ Nf8
28. Qxf5 gxf5 29. Bc3 Ne6 30. b4 d4 31. bxa5 dxc3 32. Nb3 Nc7 33. Nd4 Rd2 34.
Nxf5 c2 35. Ne3 Nd5 36. Nxc2 Rxc2 37. a6 Nc7 38. a7 f5 39. a5 Rd2 40. a6 Rd8 41.
Rc1 Nxa6 42. Rc6 Nb4 43. Rb6 Ra8 44. Rb8+ 1-0

[Event "Challenge"]
[Site "http://www.queenalice.com/game.php?id=1307683"]
[Date "2014.9.12"]
[Round "-"]
[White "Atalxxi"]
[Black "twmoore"]
[Result "0-1"]
[WhiteElo "1553"]
[BlackElo "1619"]

1. e4 e5 2. Nf3 Nc6 3. d3 d5 4. g3 Nf6 5. Bg2 Bg4 6. h3 Bxf3 7. Qxf3 dxe4 8.
dxe4 Bc5 9. O-O O-O 10. Nc3 Nd4 11. Qd1 c6 12. b3 Qd7 13. a3 Rad8 14. b4 Bb6 15.
Bb2 a5 16. Na4 Ba7 17. Bxd4 Bxd4 18. Nc5 Qc7 19. Ra2 Bxf2+ 20. Kh2 Rxd1 21. Rxf2
Rfd8 22. c3 b6 23. Nb3 Nxe4 24. Bxe4 g6 25. c4 Qe7 26. Bxc6 Qg5 27. Bd5 R8xd5
28. cxd5 Rd3 29. h4 Qxg3+ 30. Kh1 Rd1+ 0-1

[Event "Challenge"]
[Site "http://www.queenalice.com/game.php?id=1307684"]
[Date "2014.9.12"]
[Round "-"]
[White "twmoore"]
[Black "Atalxxi"]
[Result "0-1"]
[WhiteElo "1621"]
[BlackElo "1560"]

1. e4 e5 2. Nf3 d6 3. d4 f6 4. dxe5 Nc6 5. exd6 Bxd6 6. Bc4 Bg4 7. h3 Bxf3 8.
Qxf3 Qe7 9. O-O O-O-O 10. Qf5+ Kb8 11. Nc3 Nh6 12. Qb5 a6 13. Qb3 f5 14. Re1 Nd4
15. Nd5 b5 16. Qe3 Qe5 17. Qd3 Qh2+ 18. Kf1 Qh1# 0-1

[Event "Challenge"]
[Site "http://www.queenalice.com/game.php?id=1317837"]
[Date "2014.10.25"]
[Round "-"]
[White "Atalxxi"]
[Black "Jorgecas"]
[Result "0-1"]
[WhiteElo "1567"]
[BlackElo "1613"]

1. e4 e5 2. b3 Qf6 3. Nf3 g5 4. Bb2 d6 5. Bc4 Bg4 6. h3 Bxf3 7. Qxf3 h6 8. Nc3
Qxf3 9. gxf3 c6 10. O-O-O b5 11. Bd3 a6 12. h4 gxh4 13. Rxh4 Be7 14. Rh3 Nf6 15.
Rg3 h5 16. a3 h4 17. Rh3 a5 18. Ne2 d5 19. Bxe5 Nbd7 20. Bd4 Nc5 21. f4 Ng4 22.
Rf1 Nxd3+ 23. cxd3 Rh7 24. f5 Bxa3+ 25. Bb2 Bxb2+ 26. Kxb2 Ne5 27. Rc1 Nxd3+ 28.
Rxd3 dxe4 29. Rdc3 h3 30. Ng3 Rh4 31. Rxc6 Ke7 32. f6+ Kd8 33. Rc7 Rh7 34. Nxe4
h2 35. Ng3 Rh6 36. Rxf7 Ke8 37. Re7+ Kf8 38. Re6 Rd8 39. f4 Rd7 40. Rce1 Rxd2+
41. Ka3 Rd8 42. Ra6 Rh3 43. Nh1 b4+ 44. Ka4 Rf3 45. Rxa5 Rxf4 46. Rh5 Ra8+ 47.
Kb5 Kf7 48. Rh6 Rxf6 49. Rxh2 Rb8+ 50. Kc4 Rf4+ 51. Kd3 Rc8 52. Re4 Rc3+ 53. Kd4
Rxe4+ 54. Kxe4 Rxb3 55. Ke5 Rb1 56. Ng3 b3 57. Kf5 Ra1 58. Rh7+ Kg8 59. Kg6 Ra6+
0-1

[Event "Challenge"]
[Site "http://www.queenalice.com/game.php?id=1317838"]
[Date "2014.10.25"]
[Round "-"]
[White "Jorgecas"]
[Black "Atalxxi"]
[Result "0-1"]
[WhiteElo "1545"]
[BlackElo "1544"]

1. e4 e5 2. Qf3 Nf6 3. Bc4 Nc6 4. c3 d6 5. d3 g6 6. Bg5 Bg7 7. Bb5 O-O 8. Bxc6
bxc6 9. h3 c5 10. c4 Bb7 11. Nc3 h6 12. Bxf6 Bxf6 13. a4 a6 14. Nd5 Bxd5 15.
cxd5 a5 16. g3 Qd7 17. Qxf6 Qd8 18. h4 Qxf6 0-1

[Event "Challenge"]
[Site "http://www.queenalice.com/game.php?id=1318733"]
[Date "2014.10.28"]
[Round "-"]
[White "gobblemate"]
[Black "Atalxxi"]
[Result "0-1"]
[WhiteElo "1098"]
[BlackElo "1563"]

1. d4 d5 2. Nf3 g6 3. c4 dxc4 4. e4 e5 5. Nxe5 Bb4+ 6. Nc3 c5 7. Qa4+ Nd7 8.
dxc5 Bxc5 9. Bf4 Nf6 10. Bxc4 O-O 11. Rd1 Qb6 12. Nd3 Ng4 13. O-O Bd4 14. Nd5
Qd8 15. Nc7 Nb6 16. Qb3 Be6 17. Nxe6 fxe6 18. Bxe6+ Kg7 19. Bxg4 Qh4 0-1

[Event "Challenge"]
[Site "http://www.queenalice.com/game.php?id=1318734"]
[Date "2014.10.28"]
[Round "-"]
[White "Atalxxi"]
[Black "gobblemate"]
[Result "1-0"]
[WhiteElo "1565"]
[BlackElo "1096"]

1. e4 c5 2. e5 d5 3. d4 e6 4. b3 Nc6 5. Nc3 Bd7 6. g3 cxd4 7. Nb5 Qa5+ 8. Bd2
Bb4 9. Nd6+ Ke7 10. c3 dxc3 11. Bf4 c2+ 12. Qd2 Bxd2+ 13. Bxd2 Qc7 14. Nf3 Nxe5
15. Nxe5 Qxd6 16. Bf4 Qb4+ 17. Bd2 Qe4+ 18. Be3 Qxh1 19. Ke2 Bb5+ 20. Nd3 1-0

[Event "Challenge"]
[Site "http://www.queenalice.com/game.php?id=1323244"]
[Date "2014.11.20"]
[Round "-"]
[White "Jorgecas"]
[Black "Atalxxi"]
[Result "1-0"]
[WhiteElo "1610"]
[BlackElo "1578"]

1. e4 e5 2. Qf3 c6 3. Bc4 Nf6 4. h3 d5 5. Bb3 Nxe4 6. d3 Bc5 7. Be3 Bxe3 8. fxe3
f6 9. dxe4 Be6 10. exd5 Bxd5 11. Bxd5 cxd5 12. Nc3 Qa5 13. e4 d4 14. Ne2 b5 15.
Qg3 b4 16. Nd5 b3+ 17. c3 Nc6 18. Qxg7 O-O-O 19. Qxf6 d3 20. Qxc6+ Kb8 21. Ng3
Rc8 22. Qd6+ Ka8 23. Nb4 bxa2 24. Rxa2 Qb5 25. Kd2 Rhg8 26. Qd5+ Qxd5 27. exd5
Rxg3 28. Rg1 e4 29. Nc6 Rcg8 30. Rxa7# 1-0

[Event "Challenge"]
[Site "http://www.queenalice.com/game.php?id=1329622"]
[Date "2014.12.21"]
[Round "-"]
[White "Jorgecas"]
[Black "Atalxxi"]
[Result "1-0"]
[WhiteElo "1589"]
[BlackElo "1540"]

1. e4 e5 2. Qf3 Nf6 3. h3 g6 4. g4 Bh6 5. h4 g5 6. hxg5 Bxg5 7. Bd3 d6 8. Nc3 a6
9. Nh3 Bxg4 10. Qg2 b6 11. Nxg5 h6 12. f3 Bh5 13. Rxh5 Nxh5 14. Nh7 f6 15. Qg6+
Kd7 16. Qxh5 Rxh7 17. Qf5+ Kc6 18. Qxh7 Nd7 19. Qxh6 Qg8 20. Qh2 Nc5 21. b3 a5
22. Nd5 Re8 23. a4 Ne6 24. Nxf6 Qh8 25. Bb5+ Kb7 26. Qxh8 Rxh8 27. Kf2 c6 28.
Bc4 Ng5 29. Bb2 Rh3 30. Be2 c5 31. c3 Kc6 32. Rg1 Nf7 33. Rg7 Nd8 34. Bb5# 1-0

[Event "Challenge"]
[Site "http://www.queenalice.com/game.php?id=1333931"]
[Date "2015.1.9"]
[Round "-"]
[White "Atalxxi"]
[Black "Cyrille2le"]
[Result "0-1"]
[WhiteElo "1514"]
[BlackElo "2038"]

1. e4 e6 2. Nf3 d5 3. e5 c5 4. d3 Nc6 5. c3 Qb6 6. b3 Nge7 7. g3 Ng6 8. Bb2
Ngxe5 9. Nxe5 Nxe5 10. Bg2 Bd6 11. Nd2 Nxd3+ 12. Ke2 Nxb2 13. Qc2 Bd7 14. Qxb2
O-O 15. Rhe1 Rac8 16. Kf1 Bb5+ 17. c4 Bxc4+ 18. Nxc4 dxc4 19. Re3 cxb3 20. Rxb3
Qa6+ 21. Rb5 Be5 22. Qxe5 Qxb5+ 23. Kg1 Rfd8 24. h3 Qd7 25. Rb1 b6 26. Qe3 Qd3
27. Qxd3 Rxd3 28. h4 Rcd8 29. Kh2 Ra3 30. Rb2 f5 0-1

[Event "Challenge"]
[Site "http://www.queenalice.com/game.php?id=1335418"]
[Date "2015.1.17"]
[Round "-"]
[White "Jorgecas"]
[Black "Atalxxi"]
[Result "1-0"]
[WhiteElo "1623"]
[BlackElo "1526"]

1. e4 e5 2. Qf3 Nf6 3. h3 g6 4. Bc4 Bg7 5. d3 Nc6 6. c3 O-O 7. Bg5 d6 8. Bxf6
Bxf6 9. Na3 Bg7 10. g3 Qe7 11. Nb5 a6 12. Na3 Be6 13. Bd5 Qf6 14. Bxc6 Qxf3 15.
Nxf3 bxc6 16. g4 f5 17. Ng5 Bd7 18. Nc4 fxg4 19. hxg4 Bxg4 20. Rxh7 d5 21. exd5
cxd5 22. Ne3 Bh5 23. Nxd5 c6 24. Ne7# 1-0

[Event "Challenge"]
[Site "http://www.queenalice.com/game.php?id=1345763"]
[Date "2015.3.5"]
[Round "-"]
[White "Jorgecas"]
[Black "Atalxxi"]
[Result "1-0"]
[WhiteElo "1570"]
[BlackElo "1503"]

1. e4 e5 2. Qf3 Nf6 3. Bc4 d6 4. d3 g6 5. h3 Bg7 6. Bg5 Nc6 7. c3 h6 8. Bxf6
Bxf6 9. Na3 a6 10. g4 Be6 11. Bd5 Bxd5 12. exd5 Na7 13. O-O-O Qd7 14. Qxf6 Rg8
15. c4 Qe7 16. Qxe7+ Kxe7 17. Re1 f6 18. Nf3 b5 19. cxb5 Nxb5 20. Nxb5 axb5 21.
a3 g5 22. d4 Ra4 23. Re3 Rc8 24. h4 c6 25. dxc6 Rxc6+ 26. Kb1 Kf7 27. hxg5 hxg5
28. Rd1 Rac4 29. Rc3 Rxc3 30. bxc3 Rxc3 31. Ne1 Rxa3 32. Nc2 Rh3 33. dxe5 dxe5
34. Ne3 Rh2 35. Rf1 e4 36. Kb2 Ke6 37. Kb3 Kd6 38. Kb4 Kc6 39. Nf5 Rh7 40. Rd1
Rh2 41. Rd6+ Kc7 42. Kxb5 Rxf2 43. Rc6+ Kd7 44. Rd6+ Kc7 45. Rxf6 Rc2 46. Rf7+
Kd8 47. Rf8+ Kc7 48. Re8 Re2 49. Kc5 Kd7 50. Re7+ Kd8 51. Kd5 e3 52. Rxe3 Rg2
53. Re4 Kd7 54. Re7+ 1-0

[Event "Challenge"]
[Site "http://www.queenalice.com/game.php?id=1350395"]
[Date "2015.3.28"]
[Round "-"]
[White "ledeon"]
[Black "Atalxxi"]
[Result "1-0"]
[WhiteElo "1678"]
[BlackElo "1512"]

1. d4 d5 2. Nf3 Nc6 3. c4 e6 4. Nc3 Bb4 5. e3 g6 6. Bd2 b6 7. cxd5 exd5 8. Bb5
Bd7 9. Nxd5 Bxd2+ 10. Qxd2 Nge7 11. Nf6+ Kf8 12. Nxd7+ Qxd7 13. Rc1 Kg7 14. Ne5
Qd5 15. Bxc6 Nxc6 16. Qc3 Qxg2 17. Qxc6 Qxc6 18. Nxc6 f5 19. h4 Rhe8 20. Ne5 c5
21. h5 cxd4 22. exd4 g5 23. Rc7+ Kg8 24. O-O a6 25. h6 g4 26. Rg7+ Kf8 27. Nd7#
1-0

[Event "Challenge"]
[Site "http://www.queenalice.com/game.php?id=1351895"]
[Date "2015.4.5"]
[Round "-"]
[White "Atalxxi"]
[Black "ledeon"]
[Result "0-1"]
[WhiteElo "1490"]
[BlackElo "1802"]

1. d4 d5 2. e3 Nf6 3. f3 Bf5 4. Nc3 e6 5. e4 dxe4 6. Nxe4 Nxe4 7. fxe4 Bg6 8.
Bd3 Be7 9. e5 O-O 10. Bxg6 hxg6 11. Nf3 c5 12. c3 Nc6 13. Be3 cxd4 14. Nxd4 Bg5
15. Nxc6 Qxd1+ 16. Rxd1 Bxe3 17. Nb4 Bf4 18. Nd3 Bg5 19. g3 Rad8 20. h4 Bh6 21.
Nf4 g5 22. Rxd8 Rxd8 23. hxg5 Bxg5 24. Rh5 Be7 25. g4 g6 26. Rh2 Bg5 27. Rf2 Bh4
0-1